The Role of Financial Institutions in the Transition to a Market Economy /

Financial institutions intermediate between savers and investors and contribute to corporate governance. Equity and bond markets in the former centrally planned economies are not yet in a position adequately to provide these services. It is not yet clear that investment funds will provide the necess...

Szczegółowa specyfikacja

Opis bibliograficzny
1. autor: Spencer, Michael
Kolejni autorzy: Blommestein, H.
Format: Czasopismo
Język:English
Wydane: Washington, D.C. : International Monetary Fund, 1993.
Seria:IMF Working Papers; Working Paper ; No. 1993/075
Dostęp online:Full text available on IMF
LEADER 01830cas a2200253 a 4500
001 AALejournalIMF008792
008 230101c9999 xx r poo 0 0eng d
020 |c 5.00 USD 
020 |z 9781451849653 
022 |a 1018-5941 
040 |a BD-DhAAL  |c BD-DhAAL 
100 1 |a Spencer, Michael. 
245 1 4 |a The Role of Financial Institutions in the Transition to a Market Economy /  |c Michael Spencer, H. Blommestein. 
264 1 |a Washington, D.C. :  |b International Monetary Fund,  |c 1993. 
300 |a 1 online resource (50 pages) 
490 1 |a IMF Working Papers 
500 |a <strong>Off-Campus Access:</strong> No User ID or Password Required 
500 |a <strong>On-Campus Access:</strong> No User ID or Password Required 
506 |a Electronic access restricted to authorized BRAC University faculty, staff and students 
520 3 |a Financial institutions intermediate between savers and investors and contribute to corporate governance. Equity and bond markets in the former centrally planned economies are not yet in a position adequately to provide these services. It is not yet clear that investment funds will provide the necessary financing and corporate management. Therefore the first priority for financial sector reforms must be to establish a healthy commercial banking sector. Banks are the most promising source of financing, provide payment services which are crucial to both the real and financial sectors and, by monitoring the use of loaned funds, will be the primary source of corporate governance during the transformation to a market economy. 
538 |a Mode of access: Internet 
700 1 |a Blommestein, H. 
830 0 |a IMF Working Papers; Working Paper ;  |v No. 1993/075 
856 4 0 |z Full text available on IMF  |u http://elibrary.imf.org/view/journals/001/1993/075/001.1993.issue-075-en.xml  |z IMF e-Library